[Event "57th World Juniors 2018"]
[Site "Manavgat TUR"]
[Date "2018.09.10"]
[Round "6.54"]
[White "Sanal, Vahap"]
[Black "Samani, Yamac"]
[Result "1-0"]
[WhiteTitle "GM"]
[BlackTitle "FM"]
[WhiteElo "2502"]
[BlackElo "2226"]
[WhiteFideId "6300545"]
[BlackFideId "6352634"]
[EventDate "2018.09.05"]

1. e4 e5 2. Nf3 d6 3. d4 exd4 4. Nxd4 Nf6 5. Nc3 Be7 6. Bf4 O-O 7. Qd2 d5 8.
Ndb5 Bb4 9. f3 Ba5 10. O-O-O a6 11. Na3 c6 12. Nab1 Be6 13. Qf2 Nbd7 14. exd5
cxd5 15. Ne2 Rc8 16. Nd4 Nc5 17. h4 Qd7 18. b3 Ne8 19. Qg3 Bc7 20. Bxc7 Rxc7 21.
Qf4 Nd6 22. g4 Rfc8 23. h5 h6 24. Rh2 f6 25. Qd2 Bf7 26. Qf4 Ne6 27. Nxe6 Bxe6
28. Bd3 b5 29. Qd4 Nf7 30. Rhd2 Ne5 31. Be2 Nc6 32. Qf4 Qe7 33. a3 Qc5 34. Kb2
a5 35. Bd3 b4 36. a4 Ne5 37. Bf5 Bxf5 38. Qxf5 Kh8 39. Ka1 Rd8 40. f4 Nf7 41.
Rxd5 Rxd5 42. Rxd5 Qc6 43. Rxa5 Rc8 44. Qd5 Qc7 45. Ra8 Rd8 46. Rxd8+ Nxd8 47.
Nd2 Qc3+ 48. Kb1 Nc6 49. Ne4 Qe1+ 50. Kb2 Ne7 51. Qd8+ Ng8 52. Qd4 Ne7 53. Qc4
Kh7 54. Nc5 1-0

[Event "57th World Juniors 2018"]
[Site "Manavgat TUR"]
[Date "2018.09.10"]
[Round "6.55"]
[White "Ozen, Deniz"]
[Black "Can, Melih Kaan"]
[Result "1-0"]
[WhiteTitle "FM"]
[WhiteElo "2431"]
[BlackElo "2195"]
[WhiteFideId "6349196"]
[BlackFideId "6317383"]
[EventDate "2018.09.05"]

1. e4 e5 2. Nf3 Nc6 3. Bb5 a6 4. Ba4 Nf6 5. O-O Be7 6. Re1 b5 7. Bb3 O-O 8. c3
d6 9. h3 Nb8 10. d4 Nbd7 11. Nbd2 Bb7 12. Bc2 Re8 13. a4 Bf8 14. Bd3 d5 15. axb5
exd4 16. e5 dxc3 17. Nb3 Ne4 18. bxa6 Bc8 19. bxc3 Ndc5 20. Nxc5 Bxc5 21. Bxe4
dxe4 22. Qxd8 Rxd8 23. Ng5 Rxa6 24. Rxa6 Bxa6 25. Nxe4 Bb6 26. Be3 Bxe3 27. Rxe3
Rd5 28. f4 Kf8 29. Re1 Ke7 30. Kf2 Ra5 31. g4 Ra2+ 32. Ke3 Bb7 33. Kd4 Rh2 34.
Re3 Bc8 35. f5 h6 36. c4 Ra2 37. Nc3 Rd2+ 38. Kc5 Bb7 39. Nd5+ Kd8 40. Rb3 Bxd5
41. Rb8+ Ke7 42. cxd5 Rc2+ 43. Kd4 Rd2+ 44. Kc4 Rc2+ 45. Kd3 Rh2 46. Rc8 Kd7 47.
Rg8 Rxh3+ 48. Ke4 Ke7 49. e6 g6 50. Rg7 gxf5+ 51. gxf5 Kd6 52. Rxf7 Rh4+ 53. Kf3
Rh3+ 54. Kg4 Re3 55. Kf4 1-0

[Event "57th World Juniors 2018"]
[Site "Manavgat TUR"]
[Date "2018.09.10"]
[Round "6.56"]
[White "Zarubitski, Viachaslau"]
[Black "Cirovic, Miroljub"]
[Result "1/2-1/2"]
[WhiteTitle "IM"]
[WhiteElo "2425"]
[BlackElo "2181"]
[WhiteFideId "13509373"]
[BlackFideId "16502868"]
[EventDate "2018.09.05"]

1. d4 Nf6 2. Bf4 e6 3. e3 c5 4. Nd2 cxd4 5. exd4 b6 6. Ngf3 Bb7 7. c3 Be7 8. Bd3
O-O 9. O-O d6 10. h3 a6 11. Bh2 Nbd7 12. Qe2 h6 13. Rfd1 Qc7 14. Rac1 Rfe8 15.
c4 e5 16. Bb1 exd4 17. Nxd4 Bf8 18. Qf1 Rac8 19. Re1 Qb8 20. Rxe8 Rxe8 21. Re1
g6 22. Bc2 Qa8 23. Rxe8 Qxe8 24. Qe2 d5 1/2-1/2

[Event "57th World Juniors 2018"]
[Site "Manavgat TUR"]
[Date "2018.09.10"]
[Round "6.57"]
[White "Nalbant, Tuna Onat"]
[Black "Secheres, Adrian-Simion"]
[Result "1/2-1/2"]
[WhiteTitle "FM"]
[BlackTitle "FM"]
[WhiteElo "2241"]
[BlackElo "2408"]
[WhiteFideId "6372821"]
[BlackFideId "1217445"]
[EventDate "2018.09.05"]

1. e4 e5 2. Nf3 Nc6 3. Bc4 Nf6 4. d3 Be7 5. c3 O-O 6. Nbd2 d6 7. Bb3 Na5 8. Bc2
c5 9. Nf1 Nc6 10. Ng3 d5 11. Qe2 Re8 12. O-O h6 13. h3 Be6 14. Re1 Qd7 15. Ba4
Bd6 16. Nh4 a6 17. Qf3 b5 18. Bc2 Qd8 19. Ngf5 Bf8 20. g4 Nh7 21. Ng2 d4 22. Rd1
Ra7 23. a4 Rc7 24. axb5 axb5 25. Qg3 f6 26. Bd2 Qc8 27. Rdb1 Nd8 28. b3 dxc3 29.
Bxc3 b4 30. Bd2 Nc6 31. Nge3 g6 32. Nh4 Nd4 33. Bd1 Bf7 34. Nf3 Rd8 35. Nxd4
Rxd4 36. Be2 Ng5 37. Bc1 Rd6 38. h4 Ne6 39. Nc4 Nd4 40. Bd1 Bxc4 41. dxc4 g5 42.
Be3 Ne6 43. Be2 Rcd7 44. h5 Ra6 45. Qf3 Ng7 46. Rxa6 Qxa6 47. Rd1 Rxd1+ 48. Bxd1
Qd6 1/2-1/2

[Event "57th World Juniors 2018"]
[Site "Manavgat TUR"]
[Date "2018.09.10"]
[Round "6.58"]
[White "Zhao, Chenxi"]
[Black "Urazayev, Arystanbek"]
[Result "0-1"]
[BlackTitle "CM"]
[WhiteElo "2275"]
[BlackElo "2333"]
[WhiteFideId "8611513"]
[BlackFideId "13709810"]
[EventDate "2018.09.05"]

1. e4 e5 2. Nf3 Nc6 3. Bb5 a6 4. Ba4 Nf6 5. O-O Be7 6. Bxc6 dxc6 7. d3 Nd7 8.
Nbd2 O-O 9. Nc4 f6 10. Ne3 Nc5 11. b3 Rf7 12. Bb2 Bf8 13. Kh1 Ne6 14. Ng1 c5 15.
Ne2 Qe8 16. f4 exf4 17. Nxf4 Nxf4 18. Rxf4 Bd6 19. Rf1 Be5 20. Qc1 b5 21. a4 c6
22. axb5 cxb5 23. c4 Rb8 24. Rb1 Rfb7 25. Ba3 Qh5 26. g3 Bxg3 27. Qc2 Bh3 28.
Qd1 Qxd1 29. Rfxd1 Bf2 30. Bxc5 bxc4 31. Rb2 0-1

[Event "57th World Juniors 2018"]
[Site "Manavgat TUR"]
[Date "2018.09.10"]
[Round "6.59"]
[White "Yilmaz, Goktan"]
[Black "Suleymenov, Alisher"]
[Result "0-1"]
[WhiteTitle "CM"]
[BlackTitle "FM"]
[WhiteElo "2237"]
[BlackElo "2307"]
[WhiteFideId "6354904"]
[BlackFideId "13707833"]
[EventDate "2018.09.05"]

1. e4 e6 2. d4 d5 3. Nc3 Bb4 4. e5 Ne7 5. a3 Bxc3+ 6. bxc3 c5 7. a4 Qc7 8. Nf3
h6 9. Bd3 b6 10. O-O Ba6 11. Ba3 Bxd3 12. cxd3 Nd7 13. Rc1 O-O 14. Re1 Rfc8 15.
Nh4 Nf8 16. dxc5 bxc5 17. d4 Nd7 18. f4 Rab8 19. Rf1 Qb6 20. Qh5 f5 21. exf6
Nxf6 22. Qe5 Nd7 23. Qe2 Nf5 24. Nxf5 exf5 25. Qd3 cxd4 26. cxd4 Nf6 27. Bc5 Qe6
28. Bxa7 Rxc1 29. Rxc1 Ra8 30. Bc5 Rxa4 31. Rb1 Ra2 32. h3 Ne4 33. Qb3 Ra6 34.
Rd1 Kh7 35. Qb7 Ra2 36. Qb3 Rf2 37. Qb6 Qf7 38. Re1 Rc2 39. Qb3 Rd2 40. Rd1 Rf2
41. Qe3 Qh5 42. Rc1 Re2 43. Qf3 Qxf3 44. gxf3 Nd2 45. Rc3 Kg6 46. Bd6 Kh5 47.
Rc7 g5 48. fxg5 hxg5 49. f4 g4 50. Rh7+ Kg6 51. Rh8 g3 52. Rg8+ Kf7 53. Rf8+ Kg7 0-1

[Event "57th World Juniors 2018"]
[Site "Manavgat TUR"]
[Date "2018.09.10"]
[Round "6.60"]
[White "Silva, David"]
[Black "Ozenir, Ekin Baris"]
[Result "0-1"]
[WhiteTitle "IM"]
[BlackTitle "FM"]
[WhiteElo "2223"]
[BlackElo "2303"]
[WhiteFideId "10101314"]
[BlackFideId "6357415"]
[EventDate "2018.09.05"]

1. e4 Nc6 2. Nf3 d6 3. d4 Nf6 4. Nc3 g6 5. h3 Bg7 6. Be3 O-O 7. Qd2 e5 8. d5 Ne7
9. O-O-O Bd7 10. g4 b5 11. Bd3 b4 12. Ne2 a5 13. Ng3 c6 14. dxc6 Bxc6 15. Rdg1
Qc7 16. g5 Nd7 17. h4 Rac8 18. Kb1 d5 19. Qe2 a4 20. h5 a3 21. b3 dxe4 22. Nxe4
Nd5 23. Bc1 Nc5 24. Nfd2 Nf4 25. Qe3 Ncxd3 26. cxd3 Bxe4 27. Nxe4 Qc2+ 28. Ka1 0-1

[Event "57th World Juniors 2018"]
[Site "Manavgat TUR"]
[Date "2018.09.10"]
[Round "6.61"]
[White "De Block, Yordi"]
[Black "Garidmagnai, Byambasuren"]
[Result "0-1"]
[BlackTitle "FM"]
[WhiteElo "2118"]
[BlackElo "2287"]
[WhiteFideId "214175"]
[BlackFideId "4902963"]
[EventDate "2018.09.05"]

1. d4 Nf6 2. Bg5 c5 3. Nc3 Qb6 4. Bxf6 gxf6 5. e3 e6 6. d5 a6 7. dxe6 dxe6 8.
Qd2 Qxb2 9. Rb1 Qa3 10. Be2 Qa5 11. Bf3 Nd7 12. Bxb7 Bxb7 13. Rxb7 O-O-O 14. Ra7
Nb8 0-1

[Event "57th World Juniors 2018"]
[Site "Manavgat TUR"]
[Date "2018.09.10"]
[Round "6.62"]
[White "Cadilhac, Igor Tokuichi Kikuchi"]
[Black "Ozturk, Efe Hakan"]
[Result "1-0"]
[WhiteTitle "FM"]
[BlackTitle "CM"]
[WhiteElo "2286"]
[BlackElo "2065"]
[WhiteFideId "2132150"]
[BlackFideId "34550216"]
[EventDate "2018.09.05"]

1. e4 c5 2. Nf3 d6 3. d4 cxd4 4. Nxd4 Nf6 5. Nc3 g6 6. Be3 Bg7 7. Be2 a6 8. f4
O-O 9. Nb3 Nc6 10. Bf3 Qc7 11. g4 b5 12. g5 Nd7 13. Qd2 Nb6 14. Nd5 Nxd5 15.
exd5 Nb8 16. Bd4 Bxd4 17. Nxd4 Nd7 18. h4 Nb6 19. h5 e5 20. dxe6 Bb7 21. Bxb7
Qxb7 22. O-O-O Nc4 23. Qh2 Rac8 24. Kb1 b4 25. exf7+ Qxf7 26. hxg6 Qxg6 27. f5
Rxf5 28. Nxf5 Qxf5 29. g6 Rc7 30. gxh7+ 1-0

[Event "57th World Juniors 2018"]
[Site "Manavgat TUR"]
[Date "2018.09.10"]
[Round "6.63"]
[White "Gulbeyaz, Emir"]
[Black "Ozgur, Tibet Kagan"]
[Result "0-1"]
[WhiteElo "2285"]
[BlackElo "2056"]
[WhiteFideId "6377076"]
[BlackFideId "6322832"]
[EventDate "2018.09.05"]

1. Nf3 Nf6 2. g3 b5 3. Bg2 Bb7 4. Na3 a6 5. c4 e5 6. cxb5 Bxa3 7. bxa3 O-O 8.
bxa6 Nxa6 9. d3 Re8 10. O-O Nc5 11. Rb1 Bc6 12. Bb2 d6 13. Qc1 Bd5 14. Nh4 Ra4
15. Bxd5 Nxd5 16. e4 Nf4 17. gxf4 Qxh4 18. Qd1 Qxf4 19. Bc1 Qh4 20. Rb4 Ra6 21.
f4 Qh3 22. Rf3 Qg4+ 23. Kh1 exf4 24. Rb2 d5 25. Rg2 Qh5 26. Bxf4 dxe4 27. Rxg7+
Kh8 28. dxe4 Nxe4 29. Rg1 Rf6 30. Rgf1 c5 31. Qa1 Kg8 32. Qc1 Qd5 33. Rg1+ Rg6
34. Rgf1 Rf6 35. Rg1+ Kh8 36. Qb2 Rg8 37. Rxg8+ Kxg8 38. Qb8+ Kg7 39. Qb2 c4 40.
Be5 Qd1+ 0-1

[Event "57th World Juniors 2018"]
[Site "Manavgat TUR"]
[Date "2018.09.10"]
[Round "6.64"]
[White "Agdelen, Huseyin Can"]
[Black "Lin, Peisen"]
[Result "1-0"]
[WhiteTitle "FM"]
[WhiteElo "2280"]
[BlackElo "2034"]
[WhiteFideId "6352260"]
[BlackFideId "8611505"]
[EventDate "2018.09.05"]

1. e4 e6 2. d3 c5 3. g3 Nc6 4. Bg2 g6 5. Nc3 Bg7 6. Be3 d6 7. Qd2 Nd4 8. Nce2
Nxe2 9. Nxe2 Bxb2 10. Rb1 Bg7 11. O-O Ne7 12. d4 Qc7 13. Nc3 Bd7 14. dxc5 dxc5
15. e5 Rb8 16. Ne4 Bc6 17. Qd6 Qxd6 18. exd6 Nd5 19. Bxc5 Kd7 20. c4 Nb6 21.
Rfd1 f5 22. Nd2 Na4 23. Bxa7 Ra8 24. Bxc6+ Kxc6 25. Be3 Nb2 26. Rdc1 Kxd6 27.
c5+ Kc6 28. Rc2 Na4 29. Nc4 Ra6 30. Rd1 Nc3 31. Rd6+ Kc7 32. Bf4 Rxa2 33. Rxa2
Nxa2 34. Rd2+ e5 35. Nxe5 Ra8 36. Rd7+ 1-0

[Event "57th World Juniors 2018"]
[Site "Manavgat TUR"]
[Date "2018.09.10"]
[Round "6.65"]
[White "Kilic, Gokturk Kagan"]
[Black "Tifferet, Shaked"]
[Result "0-1"]
[BlackTitle "FM"]
[WhiteElo "1910"]
[BlackElo "2299"]
[WhiteFideId "6367925"]
[BlackFideId "2811529"]
[EventDate "2018.09.05"]

1. e4 c5 2. c3 d6 3. d4 Nf6 4. Bd3 g6 5. Nf3 Bg7 6. O-O O-O 7. h3 d5 8. e5 Ne4
9. Qe2 Bf5 10. Nbd2 Nxd2 11. Bxd2 Bxd3 12. Qxd3 Qb6 13. dxc5 Qxc5 14. Be3 Qc6
15. Rfd1 e6 16. Nd4 Qc8 17. Rac1 a6 18. a4 b5 19. f4 bxa4 20. c4 Qb7 21. cxd5
Qxd5 22. Qc2 Qb7 23. Qxa4 a5 24. Nb5 Na6 25. Rd6 Nb4 26. Nc7 Qe4 27. Rc3 Rac8
28. Qxa5 Nc2 29. Bd2 Nd4 30. Kh1 Ne2 31. Rdc6 Nxc3 32. Rxc3 Rfd8 33. Be3 h5 34.
Qa6 Rxc7 35. Rxc7 Qxe3 36. Qf1 Bh6 37. Rc4 Qb3 38. Rc1 Qxb2 0-1

[Event "57th World Juniors 2018"]
[Site "Manavgat TUR"]
[Date "2018.09.10"]
[Round "6.66"]
[White "Pigeat, Alexandre"]
[Black "Petkov, Momchil"]
[Result "1-0"]
[WhiteTitle "FM"]
[BlackTitle "FM"]
[WhiteElo "2347"]
[BlackElo "2163"]
[WhiteFideId "20649444"]
[BlackFideId "2921642"]
[EventDate "2018.09.05"]

1. d4 f5 2. c4 Nf6 3. Bg5 e6 4. Nc3 Bb4 5. e3 O-O 6. Bd3 h6 7. Bxf6 Qxf6 8. Ne2
c6 9. O-O d5 10. f3 Nd7 11. Qb3 Bd6 12. e4 fxe4 13. fxe4 Qg5 14. Rxf8+ Nxf8 15.
Rd1 e5 16. c5 exd4 17. cxd6 dxc3 18. exd5 cxd5 19. Nxc3 Bg4 20. Nxd5 Kh8 21. Ne7
Be6 22. Qxb7 Rd8 23. Qe4 Qc5+ 24. Kh1 Qxd6 25. Rf1 g6 26. Rxf8+ Rxf8 27. Nxg6+
Kg7 28. Nxf8 Kxf8 29. Qa8+ Kg7 30. Qxa7+ Bf7 31. Bf1 Qf6 32. Bc4 1-0

[Event "57th World Juniors 2018"]
[Site "Manavgat TUR"]
[Date "2018.09.10"]
[Round "6.67"]
[White "Tasdogen, Dincer"]
[Black "Piyumantha, M Sasith Nipun"]
[Result "1-0"]
[WhiteTitle "FM"]
[BlackTitle "FM"]
[WhiteElo "2329"]
[BlackElo "2139"]
[WhiteFideId "6367097"]
[BlackFideId "9916148"]
[EventDate "2018.09.05"]

1. e4 c6 2. d4 d5 3. Nc3 dxe4 4. Nxe4 Bf5 5. Ng3 Bg6 6. h4 h6 7. f4 e6 8. h5 Bh7
9. Nf3 Nd7 10. Bd3 Bxd3 11. Qxd3 Ngf6 12. Bd2 Qc7 13. O-O-O c5 14. dxc5 Bxc5 15.
Ne4 O-O 16. Kb1 Nxe4 17. Qxe4 Nf6 18. Qe2 Rfd8 19. Ne5 Bd4 20. g4 Rac8 21. c3
Bxe5 22. fxe5 Nh7 23. Bf4 Rxd1+ 24. Rxd1 Rd8 25. Rxd8+ Qxd8 26. Kc2 Qd5 27. b3
Ng5 28. c4 Qd4 29. Qe3 Qa1 30. a4 Qa2+ 31. Kc3 Qa1+ 32. Kb4 a6 33. Bxg5 hxg5 34.
Kc5 Qa3+ 35. Kb6 Qe7 36. c5 Qd7 37. Qe4 Qd1 38. Kxb7 Qxb3+ 39. Kxa6 Qb8 40. Qb7
Qxe5 41. c6 Qd4 42. a5 Qd3+ 43. Ka7 Qd5 44. a6 1-0

[Event "57th World Juniors 2018"]
[Site "Manavgat TUR"]
[Date "2018.09.10"]
[Round "6.69"]
[White "Ongut, Tamas Gunes"]
[Black "Yaran, Siar"]
[Result "1-0"]
[WhiteTitle "FM"]
[BlackTitle "CM"]
[WhiteElo "2121"]
[BlackElo "2271"]
[WhiteFideId "770280"]
[BlackFideId "6323006"]
[EventDate "2018.09.05"]

1. e4 e5 2. Nf3 Nc6 3. Bb5 d6 4. d4 Bd7 5. Nc3 exd4 6. Nxd4 g6 7. Be3 Bg7 8. Qd2
Nf6 9. Bxc6 bxc6 10. Bh6 Bxh6 11. Qxh6 Ng4 12. Qd2 Qh4 13. g3 Qh6 14. f4 O-O 15.
O-O-O Rfe8 16. Rde1 Rab8 17. Nf3 c5 18. h3 Nf6 19. g4 Bc6 20. g5 Qh5 21. Nh2
Nxe4 22. Nxe4 Bxe4 23. Ng4 Kf8 24. Qc3 Rb4 25. Qh8+ Ke7 26. Qf6+ 1-0

[Event "57th World Juniors 2018"]
[Site "Manavgat TUR"]
[Date "2018.09.10"]
[Round "6.71"]
[White "Wong, Yinn Long"]
[Black "Gulden, Egemen"]
[Result "1/2-1/2"]
[WhiteTitle "FM"]
[BlackTitle "CM"]
[WhiteElo "2261"]
[BlackElo "2068"]
[WhiteFideId "5707684"]
[BlackFideId "6324983"]
[EventDate "2018.09.05"]

1. e4 c5 2. Nc3 a6 3. f4 b5 4. g3 Bb7 5. Bg2 g6 6. Qe2 Bg7 7. Nf3 e6 8. e5 d5 9.
exd6 Qxd6 10. a4 b4 11. Ne4 Qc7 12. Ne5 Ra7 13. d3 Nf6 14. O-O O-O 15. Nc4 Nbd7
16. Be3 Raa8 17. Nxf6+ Bxf6 18. Bxb7 Qxb7 19. a5 Bg7 20. Qf2 Qd5 21. Rad1 Rfd8
22. b3 Bd4 23. Rde1 Rab8 24. g4 f6 25. Re2 Rf8 26. Rfe1 Bc3 27. Bd2 Bd4 28. Be3
Bc3 1/2-1/2

[Event "57th World Juniors 2018"]
[Site "Manavgat TUR"]
[Date "2018.09.10"]
[Round "6.72"]
[White "Zrikem, Nassim"]
[Black "Noboa, Kevin"]
[Result "0-1"]
[WhiteTitle "CM"]
[BlackTitle "FM"]
[WhiteElo "2066"]
[BlackElo "2256"]
[WhiteFideId "9002693"]
[BlackFideId "3618471"]
[EventDate "2018.09.05"]

1. d4 Nf6 2. Nf3 e6 3. e3 b6 4. Bd3 Bb7 5. O-O c5 6. c4 Be7 7. Nc3 cxd4 8. exd4
d6 9. d5 e5 10. Nd2 O-O 11. f4 exf4 12. Nb3 Nbd7 13. Bxf4 Ne5 14. Nd4 g6 15. Nf3
Nfd7 16. Ne4 b5 17. b3 Re8 18. Bxe5 dxe5 19. Nc3 Bb4 20. Ne4 f5 21. Neg5 e4 22.
Ne6 Qb6+ 23. Kh1 exf3 24. Rxf3 Nf8 25. Bxf5 gxf5 26. Rg3+ Ng6 27. Nf4 Re1+ 0-1

[Event "57th World Juniors 2018"]
[Site "Manavgat TUR"]
[Date "2018.09.10"]
[Round "6.74"]
[White "Eren, Ataberk"]
[Black "Akin, Kadir"]
[Result "1/2-1/2"]
[WhiteElo "2180"]
[BlackElo "1974"]
[WhiteFideId "6349765"]
[BlackFideId "6348874"]
[EventDate "2018.09.05"]

1. d4 Nf6 2. c4 e6 3. Nf3 d5 4. Nc3 Nbd7 5. Bg5 c6 6. cxd5 exd5 7. e3 Be7 8. Bd3
h6 9. Bh4 Ne4 10. Bxe7 Qxe7 11. Qc2 Ndf6 12. O-O O-O 13. Rab1 Nxc3 14. Qxc3 Ne4
15. Qc2 a5 16. Ne5 Nf6 17. a3 a4 18. Rbc1 Be6 19. Rfe1 Nd7 20. Nf3 Rfc8 21. Qb1
Qd6 22. h3 b6 23. Rc3 c5 24. Bb5 Ra5 25. Bf1 c4 26. Nd2 b5 27. e4 dxe4 28. Nxe4
Qxd4 29. Rd1 Qe5 30. Re3 Rc7 31. Qc1 Ra8 32. Nd6 Qc5 33. Rg3 Kh8 34. Qf4 Nf6 35.
Nxb5 Rb7 36. Nd4 Rxb2 37. Nxe6 fxe6 38. Qd4 Qxd4 39. Rxd4 Rb1 40. Rc3 Rab8 41.
Rdxc4 Ra1 42. Rc8+ Rxc8 43. Rxc8+ Kh7 44. g3 Rxa3 45. Ra8 Nd5 46. Kg2 Kg6 47.
Ra6 Kf5 48. Be2 Nf6 49. Bb5 Ke5 50. Bxa4 Nd5 51. Bb5 Rxa6 52. Bxa6 Kf6 53. Kf3
Nc3 54. Bc4 e5 55. Ke3 Na4 56. Kf3 Nc3 57. Bb3 Kf5 58. Bc2+ Ke6 59. Kg4 Kf6 60.
Kh5 Ne2 61. h4 Nd4 62. Be4 Ne6 63. Bd5 Nc5 64. Kg4 Nd3 1/2-1/2

[Event "57th World Juniors 2018"]
[Site "Manavgat TUR"]
[Date "2018.09.10"]
[Round "6.77"]
[White "Akdogan, Alperen"]
[Black "Beukema, Christiaan"]
[Result "1-0"]
[WhiteTitle "FM"]
[WhiteElo "2278"]
[BlackElo "1904"]
[WhiteFideId "6347363"]
[BlackFideId "1032976"]
[EventDate "2018.09.05"]

1. d4 d5 2. Nf3 Nf6 3. c4 e6 4. g3 Bb4+ 5. Bd2 Bd6 6. Bg2 c6 7. Nc3 dxc4 8. e4
Be7 9. a4 Na6 10. O-O Nc7 11. a5 Nb5 12. Nxb5 cxb5 13. Qe2 a6 14. Rfd1 O-O 15.
Bf4 Bb4 16. Ne5 Nd7 17. d5 Nxe5 18. Bxe5 exd5 19. Rxd5 Qe7 20. Rad1 Be6 21. Bd6
Bxd6 22. Rxd6 Rad8 23. e5 Bc8 24. Qd2 Rxd6 25. exd6 Qd7 26. Re1 Rd8 27. Re7 Qf5
28. Bd5 Be6 29. d7 Kf8 30. Re8+ Rxe8 31. Qb4+ 1-0

[Event "57th World Juniors 2018"]
[Site "Manavgat TUR"]
[Date "2018.09.10"]
[Round "6.78"]
[White "Daghan, Devran"]
[Black "Karaoglan, Doruk"]
[Result "1-0"]
[WhiteElo "2004"]
[BlackElo "2196"]
[WhiteFideId "6371930"]
[BlackFideId "6390927"]
[EventDate "2018.09.05"]

1. e4 c5 2. Nf3 d6 3. d4 cxd4 4. Nxd4 Nf6 5. Nc3 g6 6. f4 Nc6 7. Bb5 Bd7 8. Bxc6
Bxc6 9. e5 dxe5 10. fxe5 Ne4 11. Nxe4 Bxe4 12. e6 f5 13. c3 Qa5 14. Nxf5 Rd8 15.
Nd4 Bxg2 16. Rg1 Bg7 17. Rxg2 Bxd4 18. Rd2 Qe5+ 19. Qe2 Qxe2+ 20. Kxe2 Be5 21.
Rxd8+ Kxd8 22. Bg5 Bd6 23. Rd1 Kc8 24. h3 Rf8 25. Rf1 Rxf1 26. Kxf1 Kc7 27. Ke2
Kc6 28. c4 h6 29. Bxh6 Be5 30. b3 Kd6 31. Kd3 Kxe6 32. Ke4 Bd6 33. Be3 b6 34.
Bd2 Kd7 35. b4 Ke6 36. a4 Kd7 37. b5 Ke6 38. a5 Bc5 39. a6 Kd7 40. Bf4 Bd6 41.
Be3 Kc7 42. Kd5 Bb4 43. Ke6 Ba3 44. Kf7 Kd6 45. Bxb6 1-0

[Event "57th World Juniors 2018"]
[Site "Manavgat TUR"]
[Date "2018.09.10"]
[Round "6.79"]
[White "Sezdbekov, Ruslan"]
[Black "Nurgaliyev, Sauat"]
[Result "1-0"]
[WhiteTitle "CM"]
[BlackTitle "CM"]
[WhiteElo "2160"]
[BlackElo "1685"]
[WhiteFideId "13801856"]
[BlackFideId "13726285"]
[EventDate "2018.09.05"]

1. e4 e5 2. Nf3 Nf6 3. d4 exd4 4. e5 Ne4 5. Qxd4 d5 6. exd6 Nxd6 7. Bg5 f6 8.
Be3 Nc6 9. Qa4 g6 10. Nc3 Bg7 11. Bc4 Bd7 12. Bb3 Ne5 13. Qd4 Bc6 14. Nxe5 fxe5
15. Qg4 Nf5 16. h4 Bf6 17. h5 Bd7 18. Qc4 Nd6 19. Qe2 g5 20. O-O-O Bc6 21. Kb1
Qe7 22. Bd5 Bd7 23. Bc5 O-O-O 24. Bxa7 Bf5 25. g4 Be6 26. Bc5 Qf7 27. Rh3 e4 28.
Bxe6+ Qxe6 29. Nd5 Ne8 30. c4 Ng7 31. Ra3 b6 32. Bb4 Kb7 33. Nxf6 Rxd1+ 34. Qxd1
Qxf6 35. Qd5+ c6 36. Qd7+ Kb8 37. Ra7 Qf7 38. Bd6# 1-0

[Event "57th World Juniors 2018"]
[Site "Manavgat TUR"]
[Date "2018.09.10"]
[Round "6.80"]
[White "Ismayilov, Muhammad"]
[Black "Fleri, Matthew"]
[Result "1-0"]
[WhiteElo "2137"]
[BlackElo "1625"]
[WhiteFideId "13410024"]
[BlackFideId "5602165"]
[EventDate "2018.09.05"]

1. e4 c5 2. Nf3 d6 3. d4 cxd4 4. Qxd4 Nc6 5. Bb5 Bd7 6. Bxc6 Bxc6 7. Nc3 Nf6 8.
Bg5 e6 9. O-O-O Be7 10. e5 dxe5 11. Qxe5 Qb8 12. Qxb8+ Rxb8 13. Ne5 Nd5 14. Ne4
Rc8 15. Bxe7 Kxe7 16. Rhe1 Rhd8 17. Ng5 f6 18. Nxe6 fxe5 19. Nxd8 Rxd8 20. Rxe5+
Kf6 21. Re2 Rc8 22. Rd4 Kf7 23. Kd2 Nf6 24. f3 Bb5 25. Re1 Bd7 26. c4 Be6 27. b3
Rc6 28. g4 Ra6 29. a4 Nd7 30. Kc3 Nc5 31. Re5 Ra5 32. Re2 Ra6 33. h3 Rc6 34. f4
g6 35. Re5 Kf6 36. Rd8 Nxa4+ 37. bxa4 Rxc4+ 38. Kd3 Rxf4 39. Re4 Rf3+ 40. Ke2
Ra3 41. Rd6 Ra2+ 42. Kd3 Ra3+ 43. Kc2 Ra2+ 44. Kb1 1-0

[Event "57th World Juniors 2018"]
[Site "Manavgat TUR"]
[Date "2018.09.10"]
[Round "6.82"]
[White "Dionizio, Andre Filipe Nasciment"]
[Black "Maltezeanu, Stefan"]
[Result "1-0"]
[WhiteElo "2010"]
[BlackElo "2089"]
[WhiteFideId "1920294"]
[BlackFideId "4004655"]
[EventDate "2018.09.05"]

1. e4 c5 2. Nc3 e6 3. Bc4 Nc6 4. a4 g6 5. d3 Bg7 6. Be3 Nd4 7. f4 Ne7 8. Nce2
O-O 9. c3 Nxe2 10. Nxe2 d5 11. Bb3 b6 12. O-O Bb7 13. e5 Nf5 14. Bf2 d4 15. cxd4
cxd4 16. Rc1 Qd7 17. Qd2 Rfd8 18. Rfd1 Rac8 19. g4 Ba8 20. gxf5 Qb7 21. Kf1 Qh1+
22. Ng1 gxf5 23. Bg3 Bf8 24. Qf2 Be7 25. Ke2 Qb7 26. Bh4 Bxh4 27. Qxh4 Qg2+ 28.
Qf2 Qg4+ 29. Nf3 Kh8 30. Qg3 Qh5 31. Rxc8 Rxc8 32. Rg1 Bxf3+ 33. Qxf3 Qxh2+ 34.
Qf2 Qh5+ 35. Kd2 Rg8 36. Rxg8+ Kxg8 37. Qxd4 Qh2+ 38. Kc3 h5 39. Qd8+ Kg7 40.
Qf6+ Kg8 41. Bxe6 fxe6 42. Qxe6+ Kh8 43. Qf6+ Kg8 44. e6 Qxf4 45. Qf7+ Kh8 46.
Qxh5+ Kg7 47. Qf7+ Kh6 48. e7 Qc1+ 49. Kb3 Qd1+ 50. Kb4 a5+ 51. Kb5 Qxd3+ 52.
Qc4 Qe3 53. Qc6+ Kg5 54. e8=Q Qd3+ 55. Qc4 1-0

[Event "57th World Juniors 2018"]
[Site "Manavgat TUR"]
[Date "2018.09.11"]
[Round "7.3"]
[White "Karthik, Venkataraman"]
[Black "Tabatabaei, M.amin"]
[Result "1-0"]
[WhiteTitle "IM"]
[BlackTitle "GM"]
[WhiteElo "2519"]
[BlackElo "2576"]
[WhiteFideId "25006479"]
[BlackFideId "12521213"]
[EventDate "2018.09.05"]

1. e4 c6 2. d4 d5 3. e5 Bf5 4. Nf3 e6 5. Be2 Nd7 6. O-O h6 7. Nbd2 Ne7 8. c3 a6
9. b4 a5 10. Nb3 axb4 11. cxb4 Nc8 12. Bd2 Ncb6 13. Na5 Ra7 14. Rc1 Be7 15. Qb3
Qa8 16. a3 O-O 17. Be3 Nc4 18. Bxc4 dxc4 19. Nxc4 Be4 20. Nfd2 Bd5 21. Qd1 b5
22. Na5 Bd8 23. Ndb3 Bxb3 24. Nxb3 Rxa3 25. Rc3 Qa4 26. Bc1 Ra2 27. Rg3 Kh7 28.
Qh5 Qxb4 29. Rxg7+ 1-0